000 00605cam a2200181 4500500
005 20260405002718.0
041 _afre
042 _adc
100 1 0 _aNicolas, Ariane
_eauthor
245 0 0 _aPierre-Henri Tavoillot : “Le foot témoigne de notre amour secret pour l’injustice”
260 _c2018.
500 _a67
690 _aFootball
690 _aPierre-Henri Tavoillot
690 _aSport
786 0 _nPhilosophie magazine | 120 | 6 | 2018-06-01 | p. 10-10 | 1951-1787
856 4 1 _uhttps://shs.cairn.info/magazine-philosophie-magazine-2018-6-page-10?lang=fr&redirect-ssocas=7080
999 _c2060358
_d2060358